| Поле | Инд. | ПП | Название | Значение |
|---|---|---|---|---|
| Тип записи | a | |||
| Библиографический уровень | m | |||
| 001 | Контрольный номер | RU/LIBMSTU/422033311 | ||
| 005 | Дата корректировки | 20160615095641.9 | ||
| 008 | Кодируемые данные | 130516|||||||||ru |||||||||||000|||rus|| | ||
| 020 | a | ISBN | 978-5-02-025466-4 | |
| 040 | b | Код языка каталог. | rus | |
| 041 | 0_ | a | Код языка текста | rus |
| 084 | a | Индекс другой классификации/Индекс ББК | 87.22+87.62+60.52 | |
| 090 | a | Полочн. индекс | 87 | |
| x | Авторский знак | М 26 | ||
| 100 | 1_ | a | Автор | Марков Б. В. |
| 245 | 10 | a | Заглавие | Люди и знаки |
| b | Продолж. заглавия | антропология межличностной коммуникации | ||
| 260 | a | Место издания | Санкт-Петербург | |
| b | Издательство | Наука | ||
| c | Дата издания | 2011 | ||
| 300 | a | Объем | 667 с. | |
| 440 | _0 | a | Серия | Слово о сущем |
| v | N тома | т. 98 | ||
| 650 | 14 | a | Основная рубрика | Философская антропология |
| 653 | 0_ | a | Ключевые слова | Антропология философская; Герменевтика; Гносеология; Коммуникации межличностные; Коммуникации речевые; Семиология; Философские проблемы языка |
| 901 | t | Тип документа | m |